[Event "Novi Sad TS Mix 244th"]
[Site "Novi Sad"]
[Date "2022.02.26"]
[Round "9"]
[White "Maksimovic, Branimir"]
[Black "Bratkovic, Sham"]
[Result "1-0"]
[WhiteElo "2277"]
[BlackElo "2221"]
[PlyCount "171"]
[EventDate "2022.02.21"]
[EventType "swiss"]
[EventRounds "10"]
[EventCountry "SRB"]
[SourceTitle "CBM 207 Extra"]
[Source "ChessBase"]
[SourceDate "2022.05.31"]
[SourceVersion "1"]
[SourceVersionDate "2022.05.31"]
[SourceQuality "1"]

1. e4 e5 2. Nf3 Nc6 3. Bc4 Nf6 4. d4 exd4 5. 0-0 Nxe4 6. Re1 d5 7. Bxd5 Qxd5 8. Nc3 Qh5 9. Nxe4 Be6 10. Bg5 Bd6 11. h4 0-0 12. Nxd6 cxd6 13. Nxd4 Qxd1 14. Raxd1 Nxd4 15. Rxd4 Rac8 16. c3 d5 17. Be3 b6 18. Rd3 Rfe8 19. f3 h5 20. Kf2 f6 21. Ra1 Rb8 22. b4 a6 23. a4 Red8 24. a5 b5 25. Rad1 Kf7 26. Bc5 Re8 27. Rd4 Rh8 28. Rh1 Rbc8 29. Rf4 Rce8 30. Bd4 Rh6 31. Re1 Bd7 32. Rxe8 Kxe8 33. Be3 Rh8 34. Rd4 Be6 35. Rd2 Kf7 36. Bc5 Re8 37. Kg3 Rg8 38. Kf4 Rh8 39. Re2 Rg8 40. Ke3 Re8 41. Kd4 Rh8 42. g3 Re8 43. Re1 Rh8 44. Rg1 Re8 45. Re1 Rh8 46. Ke3 Re8 47. Kf4 Rh8 48. Re2 Re8 49. Rd2 Rh8 50. Rd3 Rg8 51. Ke3 Re8 52. Kf2 Rh8 53. Bd4 Re8 54. Bc5 Rc8 55. Rd4 Rh8 56. Rf4 Re8 57. g4 g6 58. Bd4 f5 59. gxh5 gxh5 60. Bc5 Rg8 61. Rd4 Rg6 62. Rd2 Rg8 63. Ke3 Rg6 64. Kf4 Rg8 65. Bd4 Rg6 66. Ke5 Rg3 67. Kd6 f4 68. Re2 Bh3 69. Re7+ Kf8 70. Rh7 Rxf3 71. Rxh5 Rd3 72. Rh6 Rxd4 73. cxd4 Kg7 74. Rh5 f3 75. Rg5+ Kh6 76. Rg3 Bg2 77. Rg4 f2 78. Rf4 f1Q 79. Rxf1 Bxf1 80. Kc6 Bh3 81. Kb7 Kh5 82. Kxa6 Bc8+ 83. Kxb5 Kxh4 84. Kc6 Kg5 85. b5 Kf5 86. a6 1-0

[Event "EU-Cup 36th"]
[Site "Struga"]
[Date "2021.09.18"]
[Round "1.15"]
[White "Bratkovic, Sham"]
[Black "Blake, J Morgan"]
[Result "1-0"]
[WhiteElo "2213"]
[BlackElo "2006"]
[PlyCount "59"]
[EventDate "2021.09.18"]
[EventType "team-swiss"]
[EventRounds "7"]
[EventCountry "MKD"]
[SourceTitle "CBM 204 Extra"]
[Source "ChessBase"]
[SourceDate "2021.11.30"]
[SourceVersion "1"]
[SourceVersionDate "2021.11.30"]
[SourceQuality "1"]
[WhiteTeam "Maribor Poligram"]
[BlackTeam "Sussex Martlets"]
[WhiteTeamCountry "SLO"]
[BlackTeamCountry "ENG"]

1. d4 d5 2. c4 e6 3. Nc3 a6 4. cxd5 exd5 5. Nf3 Nf6 6. Bg5 c6 7. Qc2 Be7 8. e3 Nbd7 9. Bd3 0-0 10. h3 Re8 11. 0-0 Nf8 12. Rad1 Ne4 13. Bf4 f5 14. Ne5 Bg5 15. Ne2 Bxf4 16. Nxf4 Nd7 17. Nf3 Qf6 18. b4 g5 19. Ne2 b5 20. a3 Nb6 21. Ne5 Nc4 22. Bxc4 bxc4 23. Nc3 a5 24. Nxe4 fxe4 25. f4 axb4 26. axb4 Ra3 27. Qe2 Rb3 28. Qh5 Qe7 29. fxg5 Rf8 30. Rxf8+ 1-0

[Event "EU-Cup 35th"]
[Site "Ulcinj"]
[Date "2019.11.12"]
[Round "3.18"]
[White "Runarsson, Gunnar Freyr"]
[Black "Bratkovic, Sham"]
[Result "0-1"]
[WhiteElo "1951"]
[BlackElo "2232"]
[PlyCount "147"]
[EventDate "2019.11.10"]
[EventType "team-swiss"]
[EventRounds "7"]
[EventCountry "MNE"]
[SourceTitle "EXT 2021"]
[Source "ChessBase"]
[SourceDate "2020.10.23"]
[SourceVersion "1"]
[SourceVersionDate "2020.10.23"]
[SourceQuality "1"]
[WhiteTeam "Viking CC"]
[BlackTeam "Maribor"]
[WhiteTeamCountry "ISL"]
[BlackTeamCountry "SLO"]

1. d4 Nf6 2. c4 e6 3. Nc3 d5 4. e3 c6 5. Nf3 Nbd7 6. Be2 dxc4 7. Bxc4 b5 8. Bd3 Bb7 9. 0-0 a6 10. e4 c5 11. d5 Qc7 12. dxe6 fxe6 13. Qe2 Bd6 14. Bxb5 axb5 15. Nxb5 Qc6 16. Nxd6+ Qxd6 17. e5 Ba6 18. Qe3 Nxe5 19. Qxe5 Qxe5 20. Nxe5 Bxf1 21. Kxf1 0-0 22. Be3 Rfc8 23. b3 Nd5 24. Bd2 Rcb8 25. Nd7 Rxb3 26. axb3 Rxa1+ 27. Ke2 Ra2 28. Nxc5 Nf4+ 29. Ke3 Nxg2+ 30. Kd3 Kf7 31. b4 Nh4 32. Ne4 Nf5 33. b5 Ke7 34. Bb4+ Kd7 35. Nc5+ Kc7 36. h4 Kb6 37. Nxe6 Kxb5 38. Bc3 g6 39. Nf8 Nxh4 40. f4 Ra7 41. Ne6 Re7 42. Nd4+ Kb6 43. Ba5+ Kb7 44. Bd8 Rf7 45. Bxh4 Rxf4 46. Bg3 Rf1 47. Ke4 Kc8 48. Nf3 Kd7 49. Be1 Ke6 50. Bc3 h6 51. Bg7 Rh1 52. Kf4 Kf7 53. Bd4 Rd1 54. Bc3 Rf1 55. Kg3 Rb1 56. Kf4 Rb3 57. Bd4 Rb4 58. Ke5 Rb5+ 59. Ke4 g5 60. Be5 Kg6 61. Bd4 Rb1 62. Ne5+ Kh5 63. Bf2 Rb4+ 64. Kf3 Rf4+ 65. Ke3 Rf5 66. Bg3 g4 67. Ke4 Rf1 68. Bf4 Rf2 69. Bxh6 Re2+ 70. Be3 Kh4 71. Kd3 Rg2 72. Ng6+ Kg3 73. Bc5 Ra2 74. Bd6+ 0-1

[Event "SLO-chT1 East"]
[Site "Slovenia"]
[Date "2019.09.07"]
[Round "2.4"]
[White "Bratkovic, Sham"]
[Black "Brinovec, Dusan"]
[Result "1-0"]
[WhiteElo "2227"]
[BlackElo "2276"]
[PlyCount "63"]
[EventDate "2019.09.06"]
[EventType "team-tourn"]
[EventRounds "9"]
[EventCountry "SLO"]
[SourceTitle "EXT 2020"]
[Source "ChessBase"]
[SourceDate "2019.10.17"]
[SourceVersion "1"]
[SourceVersionDate "2019.10.17"]
[SourceQuality "1"]
[WhiteTeam "Maribor II"]
[BlackTeam "Zalec"]
[WhiteTeamCountry "SLO"]
[BlackTeamCountry "SLO"]

1. d4 Nf6 2. c4 e6 3. Nc3 Bb4 4. e3 b6 5. Nge2 Bb7 6. a3 Be7 7. Ng3 d6 8. f4 h5 9. d5 h4 10. Nge4 Nbd7 11. Ng5 e5 12. Qa4 Kf8 13. Be2 exf4 14. exf4 a6 15. 0-0 b5 16. Qb3 Nc5 17. Qd1 bxc4 18. Bxc4 a5 19. Be3 Ba6 20. Qe2 Bxc4 21. Qxc4 Ncd7 22. Rae1 Rb8 23. Nb5 Ne8 24. Na7 Bxg5 25. Nc6 Ne5 26. fxe5 Bxe3+ 27. Rxe3 Qg5 28. Ref3 Rb7 29. Rxf7+ Kg8 30. Qe4 Nf6 31. exf6 Kxf7 32. Qe6+ 1-0

[Event "Paracin Summer op-A 12th"]
[Site "Paracin"]
[Date "2019.07.11"]
[Round "8"]
[White "Bratkovic, Sham"]
[Black "Shoshin, Kirill"]
[Result "1-0"]
[WhiteElo "2237"]
[BlackElo "2089"]
[PlyCount "81"]
[EventDate "2019.07.05"]
[EventType "swiss"]
[EventRounds "9"]
[EventCountry "SRB"]
[SourceTitle "EXT 2022"]
[Source "ChessBase"]
[SourceDate "2021.10.06"]
[SourceVersion "1"]
[SourceVersionDate "2021.10.06"]
[SourceQuality "1"]

1. d4 Nf6 2. c4 e6 3. Nf3 d5 4. Nc3 Be7 5. cxd5 exd5 6. Bg5 c6 7. Qc2 g6 8. e3 Bf5 9. Bd3 Bxd3 10. Qxd3 Nbd7 11. 0-0 h6 12. Bf4 Nh5 13. Be5 Nxe5 14. Nxe5 0-0 15. f4 Ng7 16. Rf3 Bd6 17. Raf1 Qe7 18. g4 Bxe5 19. fxe5 Qg5 20. h3 h5 21. e4 hxg4 22. Rg3 f5 23. exf6 Rxf6 24. Rxf6 Qxf6 25. Rxg4 Rf8 26. Rg2 Qh4 27. Qg3 Qxg3 28. Rxg3 dxe4 29. Rxg6 Rf3 30. Kg2 Rd3 31. Nxe4 Rxd4 32. Kf3 Rd3+ 33. Kg4 Re3 34. Ng3 Re7 35. Nf5 Rc7 36. Kf4 Kh7 37. Rxg7+ Rxg7 38. Nxg7 Kxg7 39. Ke5 b6 40. Kd6 c5 41. Kc6 1-0

[Event "Paracin Summer op-A 12th"]
[Site "Paracin"]
[Date "2019.07.10"]
[Round "7"]
[White "Altun, Arda"]
[Black "Bratkovic, Sham"]
[Result "1/2-1/2"]
[WhiteElo "2124"]
[BlackElo "2237"]
[PlyCount "77"]
[EventDate "2019.07.05"]
[EventType "swiss"]
[EventRounds "9"]
[EventCountry "SRB"]
[SourceTitle "EXT 2020"]
[Source "ChessBase"]
[SourceDate "2019.10.17"]
[SourceVersion "1"]
[SourceVersionDate "2019.10.17"]
[SourceQuality "1"]

1. e4 e5 2. Nf3 Nc6 3. d4 exd4 4. Nxd4 Bb4+ 5. c3 Bc5 6. Be3 Bb6 7. Nf5 Bxe3 8. Nxe3 d6 9. c4 Nge7 10. Nc3 0-0 11. g3 f5 12. Bg2 Ne5 13. f4 N5c6 14. 0-0 fxe4 15. Nxe4 Nf5 16. Nd5 Nce7 17. Qd3 Nxd5 18. cxd5 c5 19. Rae1 Nd4 20. h3 Bf5 21. g4 Bxe4 22. Bxe4 Qh4 23. Kg2 Rae8 24. b3 Kh8 25. Qg3 Qxg3+ 26. Kxg3 Re7 27. Bd3 Rfe8 28. Rxe7 Rxe7 29. Kf2 g6 30. Re1 Rxe1 31. Kxe1 Kg7 32. Kf2 h6 33. h4 Kf6 34. Ke3 h5 35. g5+ Kf7 36. Be4 Kg7 37. Kd3 Kf7 38. Ke3 Kg7 39. Kd3 1/2-1/2

[Event "Hum na Sutli op 12th"]
[Site "Hum na Sutli"]
[Date "2018.08.29"]
[Round "7"]
[White "Ivekovic, Bozidar1111"]
[Black "Bratkovic, Sham"]
[Result "1/2-1/2"]
[WhiteElo "2369"]
[BlackElo "2206"]
[PlyCount "95"]
[EventDate "2018.08.25"]
[EventType "swiss"]
[EventRounds "9"]
[EventCountry "CRO"]
[SourceTitle "CBM 186 Extra"]
[Source "ChessBase"]
[SourceDate "2018.08.24"]
[SourceVersion "1"]
[SourceVersionDate "2018.08.24"]
[SourceQuality "1"]

1. Nf3 Nf6 2. g3 d5 3. Bg2 c6 4. c4 dxc4 5. Na3 g6 6. Nxc4 Bg7 7. 0-0 0-0 8. Rb1 Nbd7 9. b4 Nb6 10. Na5 Nbd5 11. Nc4 Bf5 12. Rb3 Nb6 13. Na5 Be6 14. Rb2 Qc7 15. Rc2 Nfd5 16. a3 Bf5 17. d3 Nc3 18. Qe1 Nba4 19. Bd2 Nb5 20. Qc1 e5 21. Rc4 Be6 22. Rh4 h5 23. Bh6 Nac3 24. Re1 Nd5 25. Bxg7 Kxg7 26. Ng5 Rad8 27. Nxe6+ fxe6 28. Nc4 Nd4 29. Nd2 b5 30. Nf3 Qf7 31. Qg5 Nxf3+ 32. Bxf3 Qf6 33. Rxh5 Qxg5 34. Rxg5 Kf6 35. h4 a5 36. Be4 Ne7 37. e3 axb4 38. axb4 Ra8 39. Rf1 Nf5 40. Bxc6 Ra4 41. Bxb5 Rxb4 42. Bc6 Rb2 43. Be4 Rc8 44. f4 exf4 45. exf4 Rcc2 46. Re1 Rd2 47. h5 gxh5 48. Bxf5 1/2-1/2

[Event "Hum na Sutli op 12th"]
[Site "Hum na Sutli"]
[Date "2018.08.28"]
[Round "6"]
[White "Bratkovic, Sham"]
[Black "Zaja, Ivan"]
[Result "1/2-1/2"]
[WhiteElo "2206"]
[BlackElo "2454"]
[PlyCount "72"]
[EventDate "2018.08.25"]
[EventType "swiss"]
[EventRounds "9"]
[EventCountry "CRO"]
[SourceTitle "CBM 186 Extra"]
[Source "ChessBase"]
[SourceDate "2018.08.24"]
[SourceVersion "1"]
[SourceVersionDate "2018.08.24"]
[SourceQuality "1"]

1. d4 Nf6 2. c4 e6 3. Nc3 Bb4 4. e3 0-0 5. Bd3 c5 6. Nf3 d5 7. 0-0 Nc6 8. a3 Bxc3 9. bxc3 Re8 10. h3 Qc7 11. cxd5 exd5 12. c4 cxd4 13. exd4 dxc4 14. Bxc4 Be6 15. Bxe6 fxe6 16. Re1 Rad8 17. Bg5 Rd5 18. Qb3 Qb6 19. Qxb6 axb6 20. Bxf6 gxf6 21. Rab1 b5 22. Rb3 Kf7 23. Reb1 b4 24. axb4 Nxd4 25. Nxd4 Rxd4 26. Rc1 Red8 27. Rc7+ R8d7 28. Rxd7+ Rxd7 29. Rc3 e5 30. Rc5 Ke7 31. Rb5 Kd8 32. Rb6 Rf7 33. f3 Kc7 34. Re6 Kd7 35. Rb6 Kc7 36. Re6 Kd7 1/2-1/2

[Event "Paracin Summer op-A 11th"]
[Site "Paracin"]
[Date "2018.07.10"]
[Round "5"]
[White "Vaishali, Ramesh Babu"]
[Black "Bratkovic, Sham"]
[Result "0-1"]
[WhiteElo "2337"]
[BlackElo "2190"]
[PlyCount "80"]
[EventDate "2018.07.06"]
[EventType "swiss"]
[EventRounds "9"]
[EventCountry "SRB"]
[SourceTitle "EXT 2019"]
[Source "ChessBase"]
[SourceDate "2018.10.10"]
[SourceVersion "1"]
[SourceVersionDate "2018.10.10"]
[SourceQuality "1"]

1. Nf3 Nf6 2. g3 d5 3. Bg2 c6 4. 0-0 Bg4 5. c4 Nbd7 6. cxd5 cxd5 7. d4 e6 8. Nc3 Bd6 9. Bf4 Bxf4 10. gxf4 0-0 11. Qb3 Ne4 12. Rad1 Nb6 13. Qc2 Rc8 14. Ne5 Bf5 15. Qb3 Nxc3 16. bxc3 Qh4 17. e3 Bh3 18. Bxh3 Qxh3 19. Rc1 f6 20. Nd3 f5 21. f3 Nc4 22. Rf2 b6 23. Qa4 Rc7 24. Re1 Rfc8 25. Kh1 Qh5 26. Qd1 Nd6 27. Rg1 Rxc3 28. Rg5 Qe8 29. Rfg2 R8c7 30. Qg1 Rxd3 31. Rxg7+ Rxg7 32. Rxg7+ Kh8 33. Qg5 Rd1+ 34. Kg2 Qf8 35. Rd7 Nf7 36. Qh4 Qg7+ 37. Kh3 Rg1 38. Rd8+ Nxd8 39. Qxd8+ Qg8 40. Qf6+ Rg7 0-1

[Event "Paracin Summer op-A 11th"]
[Site "Paracin"]
[Date "2018.07.07"]
[Round "3"]
[White "Bratkovic, Sham"]
[Black "Martic, Ivan"]
[Result "1/2-1/2"]
[WhiteElo "2190"]
[BlackElo "2375"]
[PlyCount "58"]
[EventDate "2018.07.06"]
[EventType "swiss"]
[EventRounds "9"]
[EventCountry "SRB"]
[SourceTitle "CBM 185 Extra"]
[Source "ChessBase"]
[SourceDate "2018.07.29"]
[SourceVersion "1"]
[SourceVersionDate "2018.07.29"]
[SourceQuality "1"]

1. e4 e5 2. Nf3 Nc6 3. Bb5 Nf6 4. d3 d6 5. c3 g6 6. 0-0 Bg7 7. Nbd2 0-0 8. Re1 a6 9. Ba4 b5 10. Bc2 Bb7 11. Nf1 Re8 12. a4 b4 13. a5 bxc3 14. bxc3 Na7 15. Ba4 Re7 16. Ne3 h6 17. Nc4 d5 18. exd5 Nxd5 19. Qb3 Nb5 20. Bxb5 axb5 21. Ncxe5 c5 22. d4 Rxa5 23. Bd2 c4 24. Qb2 Rxa1 25. Rxa1 Qe8 26. Ra5 Nc7 27. Ra7 Nd5 28. Ra5 Nc7 29. Ra7 Nd5 1/2-1/2

[Event "Paracin Summer op-A 11th"]
[Site "Paracin"]
[Date "2018.07.06"]
[Round "1"]
[White "Asadli, Vugar Afgan Oglu"]
[Black "Bratkovic, Sham"]
[Result "1-0"]
[WhiteElo "2478"]
[BlackElo "2190"]
[PlyCount "59"]
[EventDate "2018.07.06"]
[EventType "swiss"]
[EventRounds "9"]
[EventCountry "SRB"]
[SourceTitle "CBM 185 Extra"]
[Source "ChessBase"]
[SourceDate "2018.07.29"]
[SourceVersion "1"]
[SourceVersionDate "2018.07.29"]
[SourceQuality "1"]

1. Nf3 Nf6 2. g3 d5 3. Bg2 c6 4. 0-0 Bg4 5. d3 Nbd7 6. Nbd2 e5 7. e4 dxe4 8. dxe4 Bc5 9. Qe1 0-0 10. h3 Bxf3 11. Bxf3 Qe7 12. a4 Rfd8 13. Qe2 Nf8 14. Bg2 Ne6 15. c3 Qc7 16. h4 Be7 17. Nc4 a5 18. h5 h6 19. Kh1 Nc5 20. f4 exf4 21. Bxf4 Qd7 22. Nb6 Qe6 23. Nxa8 Rxa8 24. e5 Nd5 25. Kh2 g5 26. hxg6 Qxg6 27. Rad1 Rd8 28. Bc1 Bg5 29. Bxg5 hxg5 30. c4 1-0

[Event "SLO-ch 28th"]
[Site "Ljubljana"]
[Date "2018.05.02"]
[Round "7"]
[White "Bratkovic, Sham"]
[Black "Bratovic, Blaz"]
[Result "0-1"]
[WhiteElo "2141"]
[BlackElo "2352"]
[PlyCount "102"]
[EventDate "2018.04.27"]
[EventType "swiss"]
[EventRounds "9"]
[EventCountry "SLO"]
[SourceTitle "CBM 184 Extra"]
[Source "ChessBase"]
[SourceDate "2018.06.28"]
[SourceVersion "1"]
[SourceVersionDate "2018.06.28"]
[SourceQuality "1"]

1. e4 c5 2. Nf3 d6 3. d4 cxd4 4. Nxd4 Nf6 5. Nc3 a6 6. Bc4 e6 7. a3 Be7 8. 0-0 0-0 9. Ba2 Nc6 10. Kh1 Nxd4 11. Qxd4 b5 12. f4 Bb7 13. f5 e5 14. Qd3 Rc8 15. Bg5 Rxc3 16. Qxc3 Nxe4 17. Bxe7 Qxe7 18. Qe3 Nf6 19. Rad1 h5 20. Qg5 e4 21. Rde1 Qe5 22. c3 d5 23. Qf4 Qxf4 24. Rxf4 Rd8 25. h3 Kf8 26. Rf2 Ke7 27. Rd2 Kd6 28. Re3 Ke5 29. Rg3 Rg8 30. Rf2 h4 31. Re3 Nh5 32. Bb3 Ng3+ 33. Kg1 Nxf5 34. Re1 Bc8 35. Rd2 Be6 36. Bd1 Nd6 37. Bb3 Nb7 38. Rd4 Na5 39. Ba2 Nc6 40. Rd2 f5 41. Bb3 g5 42. a4 b4 43. cxb4 Nxb4 44. Rc1 f4 45. Rc5 g4 46. hxg4 Rxg4 47. Kf1 h3 48. gxh3 Rg3 49. Rc3 e3 50. Rh2 Bxh3+ 51. Ke1 Rg1+ 0-1

[Event "SLO-ch 28th"]
[Site "Ljubljana"]
[Date "2018.04.30"]
[Round "5"]
[White "Bratkovic, Sham"]
[Black "Stevanic, David"]
[Result "1-0"]
[WhiteElo "2141"]
[BlackElo "2250"]
[PlyCount "61"]
[EventDate "2018.04.27"]
[EventType "swiss"]
[EventRounds "9"]
[EventCountry "SLO"]
[SourceTitle "CBM 184 Extra"]
[Source "ChessBase"]
[SourceDate "2018.06.28"]
[SourceVersion "1"]
[SourceVersionDate "2018.06.28"]
[SourceQuality "1"]

1. e4 e5 2. Nf3 Nc6 3. Bb5 a6 4. Ba4 Nf6 5. 0-0 Be7 6. Re1 b5 7. Bb3 0-0 8. d3 d6 9. c3 Na5 10. Bc2 c5 11. Nbd2 Nc6 12. Nf1 Qc7 13. h3 Re8 14. Ng3 d5 15. exd5 Nxd5 16. Qe2 Bd7 17. Bb3 Nb6 18. Bd2 Bd8 19. Bf4 Bf6 20. Bg5 Qd8 21. Ne4 Bxg5 22. Nfxg5 Be6 23. Qh5 h6 24. Bxe6 fxe6 25. Qf7+ Kh8 26. Qg6 hxg5 27. Nxg5 Kg8 28. Qh7+ Kf8 29. Qh8+ Ke7 30. Qxg7+ Kd6 31. Nf7+ 1-0

[Event "Palmanova op 6th"]
[Site "Palmanova"]
[Date "2017.12.09"]
[Round "4"]
[White "Juretic, Lejla"]
[Black "Bratkovic, Sham"]
[Result "0-1"]
[WhiteElo "1940"]
[BlackElo "2145"]
[PlyCount "38"]
[EventDate "2017.12.07"]
[EventType "swiss"]
[EventRounds "6"]
[EventCountry "ITA"]
[SourceTitle "CBM 182 Extra"]
[Source "ChessBase"]
[SourceDate "2018.02.23"]
[SourceVersion "1"]
[SourceVersionDate "2018.02.23"]
[SourceQuality "1"]

1. d4 d6 2. Nf3 Nf6 3. e3 Bg4 4. Be2 Nbd7 5. Nbd2 e5 6. dxe5 dxe5 7. 0-0 c6 8. b3 Qc7 9. Bb2 e4 10. Nd4 h5 11. Bxg4 hxg4 12. g3 Ne5 13. Qe2 Bb4 14. c3 Nf3+ 15. N4xf3 gxf3 16. Qc4 Qd7 17. Nxe4 Qh3 18. Qxf7+ Kd8 19. Rfd1+ Kc8 0-1

[Event "Palmanova op 6th"]
[Site "Palmanova"]
[Date "2017.12.08"]
[Round "2"]
[White "Visintin, Roberto"]
[Black "Bratkovic, Sham"]
[Result "1-0"]
[WhiteElo "2037"]
[BlackElo "2145"]
[PlyCount "71"]
[EventDate "2017.12.07"]
[EventType "swiss"]
[EventRounds "6"]
[EventCountry "ITA"]
[SourceTitle "CBM 182 Extra"]
[Source "ChessBase"]
[SourceDate "2018.02.23"]
[SourceVersion "1"]
[SourceVersionDate "2018.02.23"]
[SourceQuality "1"]

1. e4 c5 2. Nf3 e6 3. d4 cxd4 4. Nxd4 Nc6 5. Nc3 Qc7 6. Be2 a6 7. 0-0 Nf6 8. Be3 Be7 9. f4 d6 10. a4 0-0 11. Nb3 b6 12. Bf3 Bb7 13. g4 Nd7 14. Bg2 Rac8 15. Rf3 Rfe8 16. Rh3 Nb4 17. g5 g6 18. Kh1 Nf8 19. Qd2 d5 20. e5 Bc5 21. Bd4 Qe7 22. Rc1 Rc7 23. Nd1 Nc6 24. Bxc5 bxc5 25. Nf2 c4 26. Nd4 Nxd4 27. Qxd4 Qc5 28. Qd2 d4 29. Ng4 Nd7 30. Rg1 Bxg2+ 31. Rxg2 c3 32. bxc3 dxc3 33. Qxd7 Rb8 34. Nf6+ Kf8 35. Qd1 Rcb7 36. Qd6+ 1-0